Revista de Educación Superior y Sociedad / Centro Regional para la Educación Superior en América Latina y el Caribe

Guardat en:
Dades bibliogràfiques
Autor corporatiu: Centro Regional para la Educación Superior en América Latina y el Caribe
Format: Llibre
Idioma:Spanish
Publicat: Caracas, Venezuela: CRESALC; UNESCO,
Matèries:
Etiquetes: Afegir etiqueta
Sense etiquetes, Sigues el primer a etiquetar aquest registre!

MARC

LEADER 00000nam a22000007a 4500
003 cru CIDCACS/IIS
005 20201125141934.0
008 201125n ve |||p|r||||||0| ||spa|d
999 |c 43526  |d 43526 
022 |a 07981228 
040 |c CRAI/IIS 
090 |a REV0892 
110 2 |9 9748  |a Centro Regional para la Educación Superior en América Latina y el Caribe 
245 1 |a Revista de Educación Superior y Sociedad /  |b Centro Regional para la Educación Superior en América Latina y el Caribe 
260 |a Caracas, Venezuela:  |b CRESALC;  |b UNESCO, 
500 |a EXISTENCIAS: 1 (1) PERIODICIDAD PPS (s):semestral 
650 4 |9 1930  |a INVESTIGACION 
650 0 |9 944  |a EDUCACION 
650 0 |9 26  |a SOCIEDAD 
650 0 |9 311  |a UNIVERSIDADES 
650 0 |9 289  |a POLITICA SOCIAL  
651 0 |9 17  |a AMERICA LATINA 
942 |2 ddc  |c PP